[Event "15th Battle of Senta Open"]
[Site "Senta SRB"]
[Date "2011.07.17"]
[Round "2.8"]
[White "Petkovic,R"]
[Black "Neaga,H"]
[Result "1-0"]
[WhiteElo "2280"]
[BlackElo "1794"]

1.e4 d5 2.exd5 Qxd5 3.Nc3 Qd6 4.d4 Nf6 5.Nf3 e6 6.Ne5 a6 7.Bf4 Qd8 8.Be2 Bb4
9.O-O O-O 10.Qd3 Bxc3 11.bxc3 Nd5 12.Bd2 Nd7 13.f4 Qe7 14.Qh3 f5 15.c4 N5f6
16.Nd3 Qd6 17.Qe3 a5 18.Bf3 Ng4 19.Bxg4 fxg4 20.Ne5 Nf6 21.c5 Qa6 22.c4 b5
23.cxb6 Qxb6 24.Rab1 Qd6 25.Bc3 h5 26.Rf2 Bd7 27.Nxd7 Qxd7 28.Re2 Ra6 29.Rb5 a4
30.Re5 Kf7 31.f5 Re8 32.Qg5 exf5 33.Rxe8 Nxe8 34.Qxh5+ g6 35.Qh7+ Ng7 36.d5 Rf6
37.Bxf6 Kxf6 38.Re6+  1-0

[Event "16th Balaguer Open"]
[Site "Balaguer ESP"]
[Date "2011.07.18"]
[Round "2"]
[White "Orti Boix,M"]
[Black "Casas Torres,Pau"]
[Result "1-0"]
[WhiteElo "1857"]
[BlackElo "1603"]

1.e4 d5 2.exd5 Qxd5 3.Nc3 Qd6 4.d4 c6 5.Nf3 Bg4 6.Be2 Nf6 7.O-O e6 8.Be3 Be7
9.h3 Bh5 10.Ne5 Bg6 11.Bf4 Qd8 12.a3 Nbd7 13.Nxg6 hxg6 14.Bf3 Qb6 15.Na4 Qa5
16.c4 O-O 17.Nc3 Nh7 18.b4 Qd8 19.Ne4 Nb6 20.Rc1 Nf6 21.Re1 a5 22.Nc5 Qc8
23.d5 cxd5 24.cxd5 Qe8 25.dxe6 axb4 26.axb4 Rd8 27.Qb3 Nbd5 28.Bg3 Qb5 29.exf7+ Rxf7
30.Ne6 Rd7 31.Rc8+ Bf8 32.Ng5 Rfe7 33.Rxe7 Rxe7 34.Bd6 Re8 35.Rxe8 Qxe8 36.Bxd5+ Kh8
37.Bxf8 Qe1+ 38.Kh2 Qe5+ 39.g3 Qxg5 40.Bxb7  1-0

[Event "XXIX Andorra Open"]
[Site "Arinsal AND"]
[Date "2011.07.19"]
[Round "4.14"]
[White "Riff,JN"]
[Black "Garcia,Rau"]
[Result "1-0"]
[WhiteElo "2493"]
[BlackElo "2213"]

1.e4 d5 2.exd5 Qxd5 3.Nc3 Qd6 4.d4 Nf6 5.Nf3 c6 6.Ne5 Nbd7 7.Bf4 Nd5 8.Nxd5 Qxd5
9.Nf3 Nb6 10.Be2 Bf5 11.c3 Qe4 12.Bg3 Qc2 13.Qxc2 Bxc2 14.O-O e6 15.Be5 Nd7
16.Bf4 Be7 17.Nd2 Nb6 18.Nb3 Bxb3 19.axb3 O-O 20.Rfd1 a6 21.c4 Rac8 22.Bf3 Rfd8
23.Bd2 Rd7 24.Ba5 Bd8 25.Rd3 Na8 26.Bc3 Nc7 27.Rad1 Be7 28.g3 h6 29.Be4 Re8
30.f4 g6 31.Kg2 Bf8 32.Bf3 h5 33.Kf2 Bg7 34.Ke2 Red8 35.Ba5 Re8 36.Kd2 Rc8
37.Bc3 Rcd8 38.Kc2 Rc8 39.Kb1 Rcd8 40.Ba5 Rc8 41.h3 Bh6 42.Bd2 Rcd8 43.Bc1 Bg7
44.Be3 Bh6 45.Kc2 Bg7 46.g4 hxg4 47.hxg4 Bh6 48.g5 Bg7 49.Be4 Rc8 50.Kb1 Rcd8
51.Bf2 Re8 52.Be1 Bf8 53.Bc3 Bg7 54.Rh1 Red8 55.Rdh3 Rxd4 56.Bxd4 Rxd4 57.Re1 Ne8
58.Rd3 Nd6 59.Rxd4 Bxd4 60.Kc2 Bc5 61.Bd3 a5 62.Kd1 Kg7 63.Ke2 Kf8 64.Kf3 Ke7
65.Rh1 Bb4 66.Rh7 Kf8 67.Rh8+ Ke7 68.Rb8 Kd7 69.Be4 Nc8  1-0

[Event "XIII Gdansk Open"]
[Site "Gdansk POL"]
[Date "2011.07.19"]
[Round "4.10"]
[White "Grajczak,A"]
[Black "Norov,A"]
[Result "1-0"]
[WhiteElo "2000"]
[BlackElo "1541"]

1.e4 d5 2.exd5 Qxd5 3.Nc3 Qd6 4.d4 Nf6 5.g3 c6 6.Bg2 Bf5 7.Nf3 Nbd7 8.O-O e6
9.Bf4 Qb4 10.Qc1 Be7 11.a3 Qb6 12.b4 O-O 13.Rd1 Nd5 14.Bd2 Nxc3 15.Bxc3 Rfe8
16.Qb2 Bf6 17.Ne5 Qc7 18.Rd2 Nb6 19.Qb3 Rad8 20.Nf3 Rd7 21.Rad1 Red8 22.a4 Be4
23.a5 Nc8 24.Ne5 Bxe5 25.Bxe4 Bf6 26.Bb2 Nd6 27.Bg2 Nb5 28.Qe3 Nd6 29.Bf1 Nf5
30.Qe4 Nd6 31.Qg4 g6 32.Rd3 h5 33.Qf3 Bg7 34.Bc1 Nf5 35.Bf4 Qc8 36.c3 Bh6
37.Bxh6 Nxh6 38.Bg2 Qc7 39.a6 Rc8 40.axb7 Qxb7 41.Ra1 Nf5 42.Qd1 Nd6 43.Rd2 Nb5
44.c4 Nc7 45.b5 Nxb5 46.cxb5 Qxb5 47.Bf1 Qg5 48.h4 Qf6 49.Ra6 Rcc7 50.Bg2 Rd6
51.Qa4 Qd8 52.Rxc6 Rdxc6 53.Bxc6 Qd6 54.Bg2 Rc1+ 55.Kh2 Rc7 56.Qe8+ Kg7 57.Rb2 Re7
58.Qc8 Rc7 59.Qb8 Qxd4 60.Qxc7 Qxb2 61.Qxa7 Qd2 62.Qe3 Qd6 63.Bf3 Qc7 64.Qg5 Kh7
65.Be4 Qa7 66.Qxh5+ Kg7 67.Qe2 Qd4 68.Bf3 Qd6 69.Kg2 Qd4  1-0

[Event "4th d'Ille-et-Vilain Open"]
[Site "Rennes FRA"]
[Date "2011.07.19"]
[Round "5.9"]
[White "Geffroy,Le"]
[Black "Pytel,K"]
[Result "0-1"]
[WhiteElo "1867"]
[BlackElo "2314"]

1.e4 d5 2.exd5 Qxd5 3.Nc3 Qd6 4.d4 Nf6 5.Nf3 c6 6.Ne5 Nbd7 7.Nc4 Qc7 8.Qf3 Nb6
9.Bf4 Qd8 10.Be5 Be6 11.Ne3 g6 12.Rd1 Bg7 13.d5 cxd5 14.Bb5+ Kf8 15.O-O a6
16.Be2 Qc8 17.Rd2 Qc6 18.Rfd1 Ne4 19.Nxe4 Bxe5 20.Ng5 Kg7 21.Nxe6+ fxe6 22.c4 Rhf8
23.Qg4 Bf4 24.cxd5 exd5 25.Rc2 Qd6 26.g3 Bxe3 27.fxe3 Rac8 28.Rcd2 e5 29.Qh3 Qf6
30.g4 Rc6 31.Qg3 Qe7 32.Bf3 e4 33.Bg2 Rfc8 34.g5 Rc2 35.h4 Rxd2 36.Rxd2 Qc7
37.Kh2 Qxg3+ 38.Kxg3 Kf7 39.Kf4 Ke7 40.b3 Rf8+ 41.Ke5 Rf5+ 42.Kd4 Kd6 43.Rc2 Rf8
44.Bh3 Rf7 45.a4 a5 46.Rc5 Rf2 47.Rb5 Rd2+ 48.Kc3 Rd3+ 49.Kc2 Kc6 50.Be6 Rxe3
51.Bg8 d4 52.Bxh7 d3+ 53.Kd1 Nd5 54.Bxg6 Re2 55.Rxd5 Kxd5 56.h5 Rg2 57.h6 Rxg5
58.h7 Rg1+ 59.Kd2 Rh1 60.Ke3 Rh3+ 61.Kf4 d2 62.Bxe4+ Kd4  0-1

[Event "2nd Vaujany Open A"]
[Site "Vaujany FRA"]
[Date "2011.07.19"]
[Round "6.5"]
[White "Lobzhanidze,D"]
[Black "Chatalbashev,B"]
[Result "1/2-1/2"]
[WhiteElo "2483"]
[BlackElo "2596"]

1.e4 d5 2.exd5 Qxd5 3.Nc3 Qd6 4.d4 Nf6 5.Nf3 g6 6.Bc4 Bg7 7.O-O O-O 8.Nb5 Qb6
9.Bf4 Na6 10.Rb1 c6 11.Nc3 Bg4 12.Re1 Rae8 13.Be5 Nb8 14.h3 Bxf3 15.Qxf3 Nbd7
16.Red1 Qa5 17.Bh2 b5 18.Bb3 Qb6 19.a4 b4 20.Ne2  1/2-1/2

[Event "XIII Gdansk Open"]
[Site "Gdansk POL"]
[Date "2011.07.20"]
[Round "5.23"]
[White "Dadello,Al"]
[Black "Norov,A"]
[Result "0-1"]
[WhiteElo "1811"]
[BlackElo "1541"]

1.e4 d5 2.exd5 Qxd5 3.Nc3 Qd6 4.d4 Nf6 5.Nf3 c6 6.g3 Bg4 7.Bg2 Nbd7 8.O-O e6
9.Bf4 Qb4 10.Rb1 Be7 11.a3 Qb6 12.h3 Bf5 13.Qd2 O-O 14.Ne5 Nxe5 15.Bxe5 Rad8
16.Qf4 Rd7 17.b4 Nd5 18.Bxd5 cxd5 19.Na4 Qc6 20.Nc5 Rdd8 21.b5 Qc8 22.Bc7 Rde8
23.g4 Bg6 24.b6 a5 25.Rb5 Bd8 26.Qd6 Be7 27.Qg3 Bd8 28.Rfb1 f5 29.Rxa5 fxg4
30.hxg4 Rf7 31.Be5 Qc6 32.Rab5 Bxc2 33.R1b2 Ref8 34.a4 Rf3 35.Qg2 Bd3 36.R5b3 Be4
37.Nxe4 dxe4 38.d5  0-1

[Event "2nd Vaujany Open A"]
[Site "Vaujany FRA"]
[Date "2011.07.20"]
[Round "7.19"]
[White "Szajbely,Z"]
[Black "Heymann Lobzhanidze,A"]
[Result "1-0"]
[WhiteElo "2154"]
[BlackElo "2025"]

1.e4 d5 2.exd5 Qxd5 3.Nc3 Qd6 4.g3 Nf6 5.Bg2 g6 6.Nge2 Bg7 7.d4 O-O 8.Bf4 Qb6
9.O-O c6 10.Na4 Qa5 11.c3 Nh5 12.Be3 Bf5 13.Nc5 Qb5 14.b3 Nd7 15.c4 Qb4 16.Bd2 Qb6
17.Nxd7 Bxd7 18.Be3 Qc7 19.Qd2 e5 20.Bf3 exd4 21.Bxd4 Bxd4 22.Nxd4 Ng7 23.Rfe1 Nf5
24.Rad1 Rad8 25.Nxf5 Bxf5 26.Qb4 Be6 27.a4 Qb6 28.Qc3 Rxd1 29.Rxd1 Rd8 30.Rxd8+ Qxd8
31.b4 Qd6 32.c5 Qd7 33.h4 Bf5 34.h5 gxh5 35.Bxh5 Qd5 36.Qf3 Kf8 37.Qxd5 cxd5
38.Bf3 Be6 39.Kf1 Ke7 40.Ke2 b6 41.cxb6 axb6 42.a5 bxa5 43.bxa5 Kd6 44.Ke3 Kc5
45.a6 Bc8 46.Be2 Bd7 47.Kf4 Kb6 48.Ke5 Be6 49.f4  1-0

[Event "ch-PHI"]
[Site "Manila PHI"]
[Date "2011.07.21"]
[Round "9"]
[White "Nolte,R"]
[Black "Sanchez,Joseph"]
[Result "0-1"]
[WhiteElo "2433"]
[BlackElo "2534"]

1.e4 d5 2.exd5 Qxd5 3.Nc3 Qd6 4.d4 Nf6 5.Nf3 a6 6.g3 Bg4 7.h3 Bh5 8.Bg2 Nc6
9.O-O O-O-O 10.Bf4 Qb4 11.g4 Bg6 12.a3 Qxb2 13.Qe1 e6 14.Rb1 Qxc2 15.Ne5 Bd6
16.Rc1 Qb3 17.Bxc6 bxc6 18.Qe2 Bxe5 19.Bxe5 h5 20.g5 Nd7 21.Bh2 Nb6 22.Qxa6+ Kd7
23.Qb7 Rc8 24.a4 Bc2 25.a5 Na4 26.Nxa4 Qxa4 27.d5 exd5 28.Qb2 Bg6 29.Ra1 Qh4
30.a6 Rhe8 31.Qd2 Qxh3 32.f3 Qf5 33.a7 Ra8 34.Kh1 h4 35.Qa5 Rec8 36.Qc3 Qxg5
37.Ra6 Qf6 38.Be5 Qe6 39.Rc1 Bh5 40.Kh2 f6 41.Bf4 Qe2+  0-1

[Event "4th Paleohora Open"]
[Site "Paleochora GRE"]
[Date "2011.07.21"]
[Round "2"]
[White "Kryvoruchko,Y"]
[Black "Rakhmangulova,A"]
[Result "1-0"]
[WhiteElo "2652"]
[BlackElo "2196"]

1.e4 d5 2.exd5 Qxd5 3.Nc3 Qd6 4.d4 Nf6 5.Nf3 Bg4 6.h3 Bh5 7.g4 Bg6 8.Ne5 Nbd7
9.Qe2 Qxd4 10.Nxg6 hxg6 11.Bg2 c6 12.Be3 Qb4 13.O-O-O e6 14.g5 Nh5 15.Rd4 Qa5
16.Rhd1 Nb6 17.Qd2 Nd5 18.Ra4 Qc7 19.Bxd5 exd5 20.Nxd5 cxd5 21.Qxd5 Rc8 22.Rc4  1-0

[Event "Czech Open G Rapid"]
[Site "Pardubice CZE"]
[Date "2011.07.21"]
[Round "5.14"]
[White "Dzhakaev,D"]
[Black "Gergel,V"]
[Result "1-0"]
[WhiteElo "2478"]
[BlackElo "2277"]

1.e4 d5 2.exd5 Qxd5 3.Nc3 Qd6 4.d4 c6 5.h3 Bf5 6.Nf3 e6 7.Bd3 Bxd3 8.Qxd3 Nf6
9.O-O Nbd7 10.b4 a6 11.a4 Qc7 12.Qc4 Nb6 13.Qb3 Nbd5 14.Na2 b5 15.c4 Nb6
16.Ne5 Nxa4 17.Bf4 Qb7 18.c5 Be7 19.Qf3 Rc8 20.Nc1 O-O 21.Nb3 Nd5 22.Bd2 Rc7
23.Rfe1 Qc8 24.g3 Bf6 25.Nd3 Rd7 26.g4 g6 27.Ne5 Ra7 28.Na5 Rc7 29.Rab1 Bg7
30.Qg3 f6 31.Nd3 f5 32.Ne5 f4 33.Qf3 g5 34.Re2 Rf6 35.Nb3 Qe8 36.Rbe1 Nb2
37.Na5 Na4 38.Nd3 Rh6 39.Ne5 Nb2 40.Nexc6 Qd7 41.Ne5 Bxe5 42.Rxe5 Rg6 43.Qe4  1-0

[Event "4th d'Ille-et-Vilain Open"]
[Site "Rennes FRA"]
[Date "2011.07.21"]
[Round "8.2"]
[White "Okhotnik,V"]
[Black "Pytel,K"]
[Result "1-0"]
[WhiteElo "2455"]
[BlackElo "2314"]

1.e4 d5 2.exd5 Qxd5 3.Nc3 Qd6 4.d4 Nf6 5.Nf3 g6 6.Bd3 Bg7 7.O-O O-O 8.Be3 a6
9.Qd2 Nc6 10.h3 b6 11.Ne4 Nxe4 12.Bxe4 Bb7 13.Bf4 Qd7 14.c3 Rad8 15.Rad1 Rfe8
16.Ne5 Bxe5 17.Bxe5 Nxe5 18.Bxb7 a5 19.Qh6 Nc4 20.d5 Qf5 21.Bc6 Rf8 22.Qh4 Nxb2
23.Rd2 Nd3 24.Qxe7 Ne5 25.Rfd1 Qf4 26.Rd4 Nxc6 27.Qxf8+ Kxf8 28.Rxf4 Ne5
29.Re4 Nd7 30.d6 Nc5 31.Red4 c6 32.d7 Ke7 33.Rd6 Rxd7 34.Rxd7+ Nxd7 35.f4 Nc5
36.c4 f5 37.Kf2 Ne4+ 38.Ke3 b5 39.cxb5 cxb5 40.Rd5 Nc3 41.Rc5 Nxa2 42.Rxb5 h5
43.Rxa5 Nc3 44.Kd4  1-0

[Event "Czech GM Open A"]
[Site "Pardubice CZE"]
[Date "2011.07.22"]
[Round "1.7"]
[White "Vorobiov,E"]
[Black "Bibik,J"]
[Result "1-0"]
[WhiteElo "2574"]
[BlackElo "2303"]

1.e4 d5 2.exd5 Qxd5 3.Nc3 Qd6 4.d4 Nf6 5.Nf3 c6 6.Bd3 Bg4 7.Be3 Nbd7 8.h3 Bh5
9.Qe2 e6 10.O-O-O Nd5 11.Nxd5 cxd5 12.g4 Bg6 13.Ne5 Nxe5 14.dxe5 Bxd3 15.Rxd3 Qa6
16.Kb1 Rc8 17.f4 Be7 18.f5 Rc4 19.Qf2 Ra4 20.a3 b5 21.Rf1 b4 22.Bc5 Bxc5
23.Qxc5 bxa3 24.fxe6 a2+ 25.Ka1 Qxe6 26.Rxd5  1-0

[Event "20th ch-MKD Open"]
[Site "Struga MKD"]
[Date "2011.07.22"]
[Round "7"]
[White "Stanojoski,Z"]
[Black "Ilic,Zo3"]
[Result "1-0"]
[WhiteElo "2491"]
[BlackElo "2257"]

1.e4 d5 2.exd5 Qxd5 3.Nc3 Qd6 4.d4 c6 5.g3 Nf6 6.Bf4 Qd8 7.Bg2 Bf5 8.Qd2 e6
9.O-O-O Be7 10.Nf3 Nbd7 11.Ne5 O-O 12.g4 Bg6 13.h4 Nd5 14.Nxd5 exd5 15.Nxd7  1-0

[Event "Najdorf Memorial"]
[Site "Warsaw POL"]
[Date "2011.07.22"]
[Round "9.32"]
[White "Zaninotto,F"]
[Black "Zurkowski,A"]
[Result "1/2-1/2"]
[WhiteElo "2203"]
[BlackElo "2092"]

1.e4 d5 2.exd5 Qxd5 3.Nc3 Qd6 4.d4 Nf6 5.Nf3 a6 6.Be3 b5 7.g3 Bb7 8.Bg2 e6
9.O-O Nbd7 10.a4 b4 11.Bf4 Qb6 12.a5 Qa7 13.Na4 Nd5 14.Bd2 Be7  1/2-1/2

[Event "XXIX Andorra Open"]
[Site "Arinsal AND"]
[Date "2011.07.23"]
[Round "8.5"]
[White "Narciso Dublan,M"]
[Black "Caspi,I"]
[Result "1/2-1/2"]
[WhiteElo "2544"]
[BlackElo "2443"]

1.e4 d5 2.exd5 Qxd5 3.Nc3 Qd6 4.g3 Nf6 5.Bg2 Nc6 6.Nf3 Bg4 7.h3 Qe6+ 8.Ne2 Bh5
9.d4 O-O-O 10.c3 h6 11.g4 Bg6 12.O-O Qd7 13.Qb3 Be4 14.Ng3 Bd5 15.c4 Nxd4
16.Nxd4 Bxg2 17.Rd1 e5 18.Kxg2 exd4 19.Qf3 Qc6 20.Qxc6 bxc6 21.Rd3 c5 22.Ra3 Kb7
23.Rb3+ Kc6 24.Ra3 Kb7 25.Rb3+ Ka8 26.Bd2 Bd6 27.Nf5 Ne4 28.Ba5 g6  1/2-1/2

[Event "Czech GM Open A"]
[Site "Pardubice CZE"]
[Date "2011.07.23"]
[Round "2.28"]
[White "Oparin,G"]
[Black "Vila Gazquez,X"]
[Result "1/2-1/2"]
[WhiteElo "2356"]
[BlackElo "2487"]

1.e4 d5 2.exd5 Qxd5 3.Nc3 Qd6 4.d4 Nf6 5.Nf3 g6 6.Be2 Bg7 7.Ne5 O-O 8.Bf4 Nd5
9.Nxd5 Qxd5 10.O-O c5 11.c3 cxd4 12.cxd4 Nd7 13.Bf3 Qb5 14.Qb3 Qxb3 15.axb3 Nb6
16.Rfc1 Rd8 17.Be3 Bf6 18.Ra5 Kg7 19.h3 h5 20.Rc7 a6 21.g4 hxg4 22.hxg4 g5
23.Nc4 Nxc4 24.bxc4 Rb8 25.Bxg5 Rxd4 26.Bxf6+ exf6 27.Rd5 Rf4 28.Rd3 Be6
29.b3 b6 30.Kg2 Bxg4 31.Bd5 Bh5 32.Rg3+ Kf8 33.Re3 Kg7 34.Rg3+ Kf8 35.Re3 Kg7
36.Rg3+  1/2-1/2

[Event "TCh-POR 1st Div"]
[Site "Torres Vedras POR"]
[Date "2011.07.23"]
[Round "1.7"]
[White "Eggert,A"]
[Black "Tiviakov,S"]
[Result "0-1"]
[WhiteElo "2161"]
[BlackElo "2623"]

1.e4 d5 2.exd5 Qxd5 3.Nc3 Qd6 4.d4 Nf6 5.Nf3 c6 6.Ne5 Nbd7 7.Nc4 Qc7 8.g3 Nb6
9.Bf4 Qd8 10.Nxb6 Qxb6 11.b3 Qa5 12.Bd2 Bg4 13.f3 Bh5 14.g4 Bg6 15.b4 Qd8
16.g5 Nd5 17.b5 Nb4 18.bxc6 bxc6 19.d5 Nxd5 20.Nxd5 Qxd5 21.c4 Qe5+ 22.Be2 e6
23.Qa4 Qxa1+ 24.Kf2 Qd4+ 25.Be3 Qd7 26.Rd1 Qc7 27.Bf4 Bc5+ 28.Kg2 Qb6 29.Rd6 O-O  0-1

[Event "Poznan Summer Open"]
[Site "Poznan POL"]
[Date "2011.07.24"]
[Round "9.12"]
[White "Cholewa,M"]
[Black "Rys,M"]
[Result "1/2-1/2"]
[WhiteElo "1857"]
[BlackElo "1811"]

1.e4 d5 2.exd5 Qxd5 3.Nc3 Qd6 4.Nf3 Nf6 5.h3 a6 6.a4 b6 7.Bc4 Bb7 8.d3 e6
9.O-O Be7 10.Re1 O-O 11.Ng5 c5 12.Qe2 Kh8 13.Nge4 Nxe4 14.Nxe4 Qd7 15.Bf4 Bd5
16.Bxd5 Qxd5 17.Nc3 Qc6 18.Qg4 Nd7 19.Bg5 Bxg5 20.Qxg5 Nf6 21.Ne4 Nxe4 22.Rxe4 f6
23.Qe3 Rae8 24.b3 Rf7 25.Re1 Rfe7 26.Rh4 e5 27.Qe4 Qxe4 28.Rhxe4 Kg8 29.f3 Kf7
30.Kf2 f5 31.R4e2  1/2-1/2

[Event "XXXVII Open"]
[Site "Sitges ESP"]
[Date "2011.07.24"]
[Round "3"]
[White "Alarcon Casellas,Rol"]
[Black "Papadopoulou,V"]
[Result "1/2-1/2"]
[WhiteElo "2453"]
[BlackElo "2210"]

1.e4 d5 2.exd5 Qxd5 3.Nc3 Qd6 4.Bc4 Nf6 5.Nf3 c6 6.Qe2 Bf5 7.d3 e6 8.h3 Nbd7
9.Ne4 Qc7 10.Nxf6+ Nxf6 11.Bd2 O-O-O 12.O-O-O Bd6 13.g4 Bg6 14.Bc3 Rhe8 15.Kb1 e5
16.Nh4 Nd5 17.Bd2 f6 18.Nxg6 hxg6 19.Qe4 Qf7 20.Bb3 f5 21.gxf5 gxf5 22.Qa4 Bc5
23.Be3 Qe7 24.Bxd5 Rxd5 25.Rhg1 Bxe3 26.fxe3 Kb8 27.Rdf1 e4 28.d4 Rf8 29.c4 Rd7
30.Qc2 Qd6 31.c5 Qc7 32.a3 a6 33.Rg5 Rdf7 34.Rf4 Ka7 35.h4 Qa5 36.Qb3 Qe1+
37.Ka2 Qe2 38.Rg1 Ka8 39.Rc1 Rd7 40.Rc3 Qh5 41.Qa4 g5 42.hxg5 Qxg5 43.Qd1 Qg8+
44.Ka1 Rg7 45.Rf1 Rg2 46.Rc2 Rg3 47.Qe1 Rg5 48.Qh4 Rg1 49.Rcc1 Rxf1 50.Rxf1 Qf7
51.Qh6 Rg8 52.Qh3 Rf8 53.Qg3 Ka7 54.Qd6 Rg8 55.Qf4 Rf8 56.Kb1 Qc4 57.Rd1 Qd5
58.Rc1 Qf7 59.Qe5 Re8 60.Qh2 Rf8 61.Qc2 Qd5 62.Rf1 Qe6 63.Qe2 Qf7 64.Qd2 Qd5
65.Qb4 Qf7  1/2-1/2

[Event "TCh-POR 1st Div"]
[Site "Torres Vedras POR"]
[Date "2011.07.24"]
[Round "2.2"]
[White "Diogo,V"]
[Black "Galego,L"]
[Result "1/2-1/2"]
[WhiteElo "2299"]
[BlackElo "2474"]

1.e4 d5 2.exd5 Qxd5 3.Nc3 Qd6 4.d4 Nf6 5.Nb5 Qd8 6.c4 e6 7.Nf3 Bb4+ 8.Bd2 Bxd2+
9.Qxd2 O-O 10.Bd3 Bd7 11.Nc3 Bc6 12.Ne5 Nfd7 13.Nxd7 Nxd7 14.O-O-O Nf6 15.f3 a6
16.d5 exd5 17.cxd5 Bb5 18.Qf4 Bxd3 19.Rxd3 Re8 20.Rhd1 Qd6 21.Qxd6 cxd6 22.Kd2 Rac8
23.Re3 Kf8 24.Rde1 Rxe3 25.Rxe3 Rc5 26.Rd3 Ke7 27.Rd4 h5 28.h3 Nd7 29.f4 Nf6
30.g3 Kd7 31.b4 Rc8 32.Ne4 Nxe4+ 33.Rxe4 Ra8 34.Kd3 Rg8 35.Ke3 Re8 36.Kd4 f6
37.a4 Rg8 38.Re3 Re8 39.Rd3 Rc8 40.Rc3 Re8 41.Re3  1/2-1/2

[Event "Biel MTO Open"]
[Site "Biel SUI"]
[Date "2011.07.25"]
[Round "7"]
[White "Arnold,Mar"]
[Black "Megaranto,S"]
[Result "1-0"]
[WhiteElo "2445"]
[BlackElo "2544"]

1.e4 d5 2.exd5 Qxd5 3.Nc3 Qd8 4.d4 c6 5.Bc4 Bf5 6.Nf3 e6 7.O-O Be7 8.h3 Nd7
9.Qe2 Ngf6 10.Nh4 Bg6 11.Nxg6 hxg6 12.Rd1 Qc7 13.Bd3 O-O-O 14.Ne4 Nxe4 15.Bxe4 Nf6
16.Bf3 Rh4 17.c3 Nd5 18.c4 Nf6 19.Be3 g5 20.g3 Rxh3 21.d5 g4 22.Bg2 Rh5 23.dxe6 Rxd1+
24.Rxd1 fxe6 25.Bxa7 Re5 26.Be3 Bc5 27.Rd3 Qb6 28.Bxc5 Qxc5 29.Qd2 Qxc4 30.Rd8+ Kc7
31.Qd6+  1-0

[Event "15th Godesburg Open"]
[Site "Bad Godesberg GER"]
[Date "2011.07.27"]
[Round "5.15"]
[White "Schaefer,Timo"]
[Black "Opitz,F"]
[Result "1-0"]
[WhiteElo "1819"]
[BlackElo "1975"]

1.e4 d5 2.exd5 Qxd5 3.Nc3 Qd8 4.Bc4 e6 5.d4 c6 6.Nge2 Nf6 7.O-O Bd6 8.Bg5 Bxh2+
9.Kh1 Bd6 10.f4 h6 11.Bh4 g5 12.Be1 Ng4 13.Qd3 gxf4 14.Nxf4 Qg5 15.Qh3 Bxf4
16.Bh4 Qf5 17.Bd3 Nf2+ 18.Bxf2 Qxh3+ 19.gxh3 b6 20.Bh4 Bg5 21.Bg3 Ba6 22.Bxa6 Nxa6
23.Ne4 Be7 24.Be5 Rg8 25.Nf6+ Bxf6 26.Rxf6 Rd8 27.Raf1 Rd7 28.c3 c5 29.a3 cxd4
30.cxd4 Nc7 31.Rxh6 Nd5 32.h4 Ne3 33.Rf4 Nf5 34.Rh7 f6 35.Rxd7 fxe5 36.Rxf5 exf5
37.Rb7 exd4 38.Rb8+ Kf7 39.Rxg8 Kxg8 40.Kg2 Kg7 41.Kf3 Kg6 42.a4 Kh5 43.b4 Kxh4
44.a5 bxa5 45.bxa5 d3 46.a6 f4 47.Kf2 d2 48.Ke2 f3+ 49.Kxd2  1-0

[Event "Sparkassen Open A"]
[Site "Dortmund GER"]
[Date "2011.07.27"]
[Round "5.13"]
[White "Virnyi,J"]
[Black "Pueschel,W"]
[Result "0-1"]
[WhiteElo "2081"]
[BlackElo "2163"]

1.e4 d5 2.exd5 Qxd5 3.Nc3 Qd6 4.d4 Nf6 5.Nf3 a6 6.g3 Bg4 7.Bg2 c6 8.O-O e6
9.Bf4 Qd8 10.h3 Bh5 11.g4 Bg6 12.Ne5 Nbd7 13.Qe2 Nxe5 14.Bxe5 h5 15.f4 hxg4
16.hxg4 Nxg4 17.Qxg4 Bf5 18.Qd1 f6 19.d5 fxe5 20.dxc6 Bc5+ 21.Rf2 Bxf2+ 22.Kxf2 Qb6+
23.Kf1 Rd8 24.Qe1 bxc6 25.Qxe5 Kf7 26.a4 Qd4 27.Qc7+ Rd7 28.Qxc6 Qxf4+ 29.Kg1 Qe3+
30.Kf1 Rd2 31.Qc7+ Kg6  0-1

[Event "Sparkassen Open A"]
[Site "Dortmund GER"]
[Date "2011.07.27"]
[Round "5.35"]
[White "Schmitz,Ti"]
[Black "Sehn,N"]
[Result "1/2-1/2"]
[WhiteElo "1934"]
[BlackElo "2083"]

1.e4 d5 2.exd5 Qxd5 3.Nc3 Qd6 4.d4 Nf6 5.Nf3 c6 6.Be3 Bf5 7.Bd3 Bg6 8.Qd2 e6
9.O-O-O Nbd7 10.Rhe1 Nb6 11.a3 Nbd5 12.Nxd5 Nxd5 13.Bg5 Bxd3 14.Qxd3 h6 15.Bd2 b5
16.Ne5 Be7 17.Qf3 Bf6 18.Qh5 Bxe5 19.Rxe5 a5 20.Rde1 g6 21.Qg4 Kd7 22.Qf3 Qe7
23.Bf4  1/2-1/2

[Event "98th ch-GBR"]
[Site "Sheffield ENG"]
[Date "2011.07.27"]
[Round "3.18"]
[White "Jones,V"]
[Black "Kolbus,D"]
[Result "1/2-1/2"]
[WhiteElo "2153"]
[BlackElo "2335"]

1.e4 d5 2.exd5 Qxd5 3.Nc3 Qd6 4.d4 Nf6 5.Nf3 c6 6.g3 Bg4 7.Bg2 e6 8.O-O Be7
9.Bf4 Qd8 10.Qd2 Bxf3 11.Bxf3 Nbd7 12.Rfe1 O-O 13.Qd3 Nb6 14.a3 Rc8 15.Ne4 Nbd5
16.Bd2 Nxe4 17.Bxe4 Nf6 18.Bg2 Qb6 19.b4 Rfd8 20.c3 a5 21.Re5 axb4 22.axb4 Nd5
23.Rb1 Bf6 24.Ree1 Qc7 25.Qe4 b5 26.Rbc1 Ra8 27.c4 bxc4 28.Rxc4 Ra2 29.Be3 Rb2
30.Qd3 Qa7 31.Rec1 g6 32.Bd2 Qa2 33.R4c2 Ne7 34.Be3 Rxc2 35.Qxc2 Qxc2 36.Rxc2 Rd6
37.Rc4 Kf8 38.Bf4 Rxd4 39.Rxd4 Bxd4 40.Bd6 Ke8 41.Bxe7  1/2-1/2

[Event "15th Godesburg Open"]
[Site "Bad Godesberg GER"]
[Date "2011.07.28"]
[Round "6.4"]
[White "Helbig,M"]
[Black "Broehl,S"]
[Result "1-0"]
[WhiteElo "2315"]
[BlackElo "2148"]

1.e4 d5 2.exd5 Qxd5 3.Nc3 Qd6 4.d4 Nf6 5.Nf3 c6 6.Bc4 Bg4 7.Be3 Nbd7 8.h3 Bh5
9.Qd2 e6 10.Be2 Qc7 11.Bf4 Bd6 12.Bxd6 Qxd6 13.O-O O-O 14.Rad1 Rad8 15.Rfe1 Rfe8
16.a3 h6 17.Nh4 Bxe2 18.Qxe2 Nb6 19.Nf3 Nbd5 20.Ne4 Nxe4 21.Qxe4 Qf4 22.Qd3 Ne7
23.c4 Nf5 24.b4 Nxd4 25.Nxd4 e5 26.Re4  1-0

[Event "Czech GM Open A"]
[Site "Pardubice CZE"]
[Date "2011.07.28"]
[Round "7.22"]
[White "Aliavdin,N"]
[Black "Alonso Rosell,A"]
[Result "1/2-1/2"]
[WhiteElo "2392"]
[BlackElo "2502"]

1.e4 d5 2.exd5 Qxd5 3.Nc3 Qd6 4.d4 Nf6 5.Nb5 Qb6 6.c4 c6 7.Nc3 g6 8.h3 Bg7
9.Nf3 O-O 10.Bd3 c5 11.d5 e6 12.O-O Rd8  1/2-1/2

[Event "Czech GM Open A"]
[Site "Pardubice CZE"]
[Date "2011.07.28"]
[Round "7.99"]
[White "Orujov,S"]
[Black "Bibik,J"]
[Result "0-1"]
[WhiteElo "2204"]
[BlackElo "2303"]

1.e4 d5 2.exd5 Qxd5 3.Nc3 Qd6 4.d4 Nf6 5.Nf3 c6 6.Be2 Bf5 7.O-O Nbd7 8.Be3 e6
9.Qd2 Qc7 10.Bd3 Bg4 11.Ng5 Be7 12.h3 Bh5 13.Nge4 Nd5 14.Ng3 Bg6 15.Nce2 b5
16.Nf4 Nxf4 17.Bxf4 Bd6 18.Bxg6 Bxf4  0-1

[Event "TCh-POR 1st Div"]
[Site "Torres Vedras POR"]
[Date "2011.07.28"]
[Round "6.6"]
[White "Coimbra,M"]
[Black "Andres Gonzalez,I"]
[Result "1/2-1/2"]
[WhiteElo "2113"]
[BlackElo "2331"]

1.e4 d5 2.exd5 Qxd5 3.Nc3 Qd6 4.d4 c6 5.Nf3 Bg4 6.Be2 e6 7.h3 Bxf3 8.Bxf3 Nf6
9.Ne4 Nxe4 10.Bxe4 Nd7 11.c3 Nf6 12.Bc2 Qc7  1/2-1/2

[Event "Sparkassen Open A"]
[Site "Dortmund GER"]
[Date "2011.07.29"]
[Round "7.32"]
[White "Henkemeier,Markus"]
[Black "Sehn,N"]
[Result "1/2-1/2"]
[WhiteElo "1895"]
[BlackElo "2083"]

1.e4 d5 2.exd5 Qxd5 3.Nc3 Qd6 4.d4 Nf6 5.Nf3 c6 6.Be2 Bf5 7.Ne5 Nbd7 8.f4 Nd5
9.Nxd5 Qxd5 10.O-O f6 11.Nxd7 Qxd7 12.Be3 e6 13.Bd3 Bxd3 14.Qxd3 Bd6 15.Rae1 O-O-O
16.d5 exd5 17.Bxa7 Rde8 18.Bb6 Rxe1 19.Rxe1 Re8 20.Rxe8+ Qxe8  1/2-1/2

[Event "Politiken Cup"]
[Site "Helsingor DEN"]
[Date "2011.07.30"]
[Round "1.58"]
[White "Gagliardi,Ch"]
[Black "Okland,Sveinung"]
[Result "1/2-1/2"]
[WhiteElo "2258"]
[BlackElo "1836"]

1.e4 d5 2.exd5 Qxd5 3.Nc3 Qd6 4.d4 Nf6 5.Nf3 a6 6.g3 Bg4 7.Bg2 Nc6 8.O-O O-O-O
9.Be3 e5 10.dxe5 Nxe5 11.Qxd6 Nxf3+ 12.Bxf3 Bxd6 13.Bg2 Bf5 14.Rac1 Be5 15.h3 Bd4
16.Bf4 Rhe8 17.Nd1 Nd5 18.Bxd5  1/2-1/2

[Event "Pays de Charleroi Open"]
[Site "Charleroi BEL"]
[Date "2011.07.31"]
[Round "2.20"]
[White "Micottis,Dorian"]
[Black "Verspecht,T"]
[Result "0-1"]
[WhiteElo "1843"]
[BlackElo "2077"]

1.e4 d5 2.exd5 Qxd5 3.Nc3 Qd6 4.d4 c6 5.Nge2 Bg4 6.f3 Bf5 7.Bf4 Qb4 8.Rb1 Nf6
9.a3 Qb6 10.Ng3 Bg6 11.Bc4 e6 12.Nge4 Nxe4 13.Nxe4 Qd8 14.O-O Be7 15.Kh1 O-O
16.Qd2 Nd7 17.Rbd1 Nb6 18.Bb3 Nd5 19.Bxd5 cxd5 20.Nf2 Rc8 21.c3 b5 22.b4 Rc4
23.Rc1 Bd6 24.Bxd6 Qxd6 25.Rfe1 Rfc8 26.Re3 h5 27.Kg1 R8c6 28.Nd3 Bxd3 29.Rxd3 Qc7
30.g3 Ra6 31.Qb2 h4 32.Kg2 hxg3 33.hxg3 e5 34.dxe5 Qxe5 35.Rcd1 Rg6 36.Qf2 Rxc3
37.Rxd5 Qf6 38.R1d3 a6 39.Qd2 Rc6 40.Qf2 Rh6 41.Qd4 Rc2+ 42.Rd2 Rxd2+ 43.Qxd2 Qa1
44.Rd8+ Kh7 45.Qd3+ g6 46.Rd7 Qh1+ 47.Kf2 Rh2+ 48.Ke3 Qc1+ 49.Ke4 Qc6+ 50.Qd5 Re2+
51.Kf4 Qf6+ 52.Kg4 Re6 53.f4 Kg7 54.Kf3 Qc3+ 55.Qd3 Rc6 56.Rd6 Rc4 57.Qe3 Qa1
58.Kg2 Rc2+ 59.Rd2 Rxd2+ 60.Qxd2 Qxa3 61.Kh3 Qf3 62.Qe1 Kh6 63.Qc1 Kh5 64.Qa1 Qg4+
65.Kg2 Qe2+ 66.Kh3 Qe6+ 67.Kg2 Kg4 68.Qd1+ Kf5 69.g4+ Kxf4 70.Qf3+ Kg5 71.Kg3 Qe5+
72.Kh3 f5  0-1